Torschützenliste der Premier League 2020-2021 - Statistiken

Allgemein
  • Dieses Quiz wurde 67 mal gespielt
  • Das Durchschnittsergebnis liegt bei 8 aus 10
Antwortstatistiken
Tore Nationalität Verein Spieler % Korrekt
23 England Tottenham Hotspur Harry Kane
100%
17 Südkorea Tottenham Hotspur Heung-Min Son
98%
22 Ägypten FC Liverpool Mohamed Salah
98%
13 Deutschland Manchester City İlkay Gündoğan
94%
18 Portugal Manchester United Bruno Fernandes
92%
15 England Leicester City Jamie Vardy
86%
13 Frankreich FC Arsenal Alexandre Lacazette
72%
14 England Aston Villa Ollie Watkins
56%
14 England FC Everton Dominic Calvert-Lewin
42%
17 England Leeds United Patrick Bamford
33%
Keine übereinstimmenden Quizze gefunden
Verteilung der Resultate
Anzahl Personen mit jedem Resultat
Perzentil nach korrekt beantworteten Fragen
Ihre Resultats-Entwicklung
Sie haben dieses Quiz noch nicht gespielt